Ultimate Disney Movie Quiz - Statistics

General Stats
  • This quiz has been taken 102 times
    45 since last reset
  • The average score is 46 of 92
Answer Stats
Hint Answer % Correct
Dec 1937 Snow White and the Seven Dwarfs
97%
Feb 1950 Cinderella
90%
Nov 1991 Beauty and the Beast
86%
Nov 2021 Encanto
79%
Nov 2013 Frozen
79%
Nov 2016 Moana
79%
Jun 1995 Pocahontas
79%
Nov 1995 Toy Story
79%
Nov 1992 Aladdin
76%
Nov 2019 Frozen II
76%
June 1994 The Lion King
76%
Nov 1989 The Little Mermaid
72%
Nov 1940 Fantasia
69%
June 1998 Mulan
69%
Jan 1959 Sleeping Beauty
69%
March 1977 The Many Adventures of Winnie the Pooh
69%
July 2011 Winnie the Pooh
69%
June 1955 Lady and the Tramp
66%
Feb 1940 Pinocchio
66%
Aug 1942 Bambi
62%
June 2006 Cars
62%
Oct 1941 Dumbo
62%
Feb 1953 Peter Pan
62%
Nov 2010 Tangled
62%
June 1996 The Hunchback of Notre Dame
62%
July 1951 Alice in Wonderland
59%
June 1997 Hercules
59%
June 2015 Inside Out
59%
Nov 1973 Robin Hood
59%
Dec 1970 The Aristocats
59%
Oct 1967 The Jungle Book
59%
Dec 2009 The Princess and the Frog
59%
June 1977 The Rescuers
59%
Nov 1998 A Bug's Life
55%
June 2012 Brave
55%
Nov 2017 Coco
55%
Nov 2001 Monsters Inc
55%
June 1999 Tarzan
55%
March 2016 Zootopia
55%
June 2001 Atlantis
52%
Dec 2020 Soul
52%
Nov 2004 The Incredibles
52%
May 2009 Up
52%
Nov 2023 Wish
52%
Nov 2012 Wreck-It Ralph
52%
Nov 2008 Bolt
48%
June 2016 Finding Dory
48%
June 2013 Monsters University
48%
June 2007 Ratatouille
48%
March 2021 Raya and the Last Dragon
48%
Dec 2000 The Emperor's New Groove
48%
July 1981 The Fox and The Hound
48%
Mar 2022 Turning Red
48%
Nov 2014 Big Hero 6
45%
May 2000 Dinosaur
45%
Jan 2000 Fantasia 2000
45%
June 2001 Lilo and Stitch
45%
Nov 2018 Ralph Breaks the Internet
45%
July 1985 The Black Cauldron
45%
Nov 1990 The Rescuers Down Under
45%
June 2019 Toy Story 4
45%
June 2008 Wall-E
45%
June 2018 Incredibles 2
41%
June 2021 Luca
41%
Aug 1964 Mary Poppins
41%
Jan 1961 101 Dalmations
38%
Nov 2003 Brother Bear
38%
Nov 2005 Chicken Little
38%
Nov 1988 Oliver and Company
38%
July 1986 The Great Mouse Detective
38%
Feb 1945 The Three Caballeros
38%
Sept 1947 Fun and Fancy Free
34%
April 2004 Home on the Range
34%
Dec 1963 The Sword in the Stone
34%
June 2023 Elemental
31%
April 1946 Make Mine Music
31%
May 1948 Melody Time
31%
March 2020 Onward
31%
Feb 1943 Saludos Amigos
31%
Nov 2022 Strange World
31%
Oct 1949 The Adventures of Ichabod and Mr. Toad
31%
June 2022 Lightyear
28%
March 2007 Meet the Robinsons
28%
Dec 1971 Bedknobs and Broomsticks
24%
Nov 2007 Enchanted
24%
Nov 1946 Song of the South
21%
Nov 1977 Pete's Dragon
17%
June 1941 The Reluctant Dragon
14%
Dec 2018 Mary Poppins Returns
10%
Aug 2005 Valiant
10%
May 2003 Finding Nmo
3%
Nov 2002 Treasur Planet
3%
No matching quizzes found
Score Distribution
Percent of People with Each Score
Percentile by Number Answered
Your Score History
You have not taken this quiz since the last reset